[Event "FIDE Grand Prix Tashkent"]
[Site "Tashkent UZB"]
[Date "2014.10.28"]
[EventDate "2014.10.20"]
[Round "7"]
[Result "1/2-1/2"]
[White "Maxime Vachier-Lagrave"]
[Black "Baadur Aleksandrovich Jobava"]
[WhiteElo "2757"]
[BlackElo "2717"]
[PlyCount "75"]

1. e4 c6 2. d4 d5 3. e5 Bf5 4. Nf3 e6 5. Be2 Nd7 6. O-O h5
7. Nbd2 Nh6 8. Ne1 g5 9. Nb3 g4 10. Nd3 Be4 11. Nf4 Nf5 12. f3
gxf3 13. gxf3 Rg8+ 14. Ng2 Bxc2 15. Qxc2 a5 16. a4 Qh4 17. Bd3
Nxd4 18. Nxd4 Qxd4+ 19. Kh1 Nxe5 20. Bh7 Rg7 21. Be3 Qc4
22. b3 Qxc2 23. Bxc2 Rg8 24. Nf4 h4 25. Rae1 Be7 26. Bd2 Nd7
27. Rg1 Rf8 28. Rg7 Bf6 29. Rh7 Ne5 30. Nh5 Nxf3 31. Nxf6+ Ke7
32. Rf1 Nxd2 33. Rf2 b5 34. Rxh4 bxa4 35. Rxa4 Rfb8 36. Nxd5+
cxd5 37. Rxd2 Rb4 38. Ra1 1/2-1/2

[Event "FIDE Grand Prix Tashkent"]
[Site "Tashkent UZB"]
[Date "2014.10.30"]
[EventDate "2014.10.20"]
[Round "8"]
[Result "1/2-1/2"]
[White "Dmitry Andreikin"]
[Black "Maxime Vachier-Lagrave"]
[WhiteElo "2722"]
[BlackElo "2757"]
[PlyCount "43"]

1. d4 Nf6 2. c4 g6 3. Nc3 d5 4. Nf3 Bg7 5. Bg5 Ne4 6. Bf4 Nxc3
7. bxc3 dxc4 8. e3 b5 9. a4 c6 10. Qb1 Bf5 11. e4 Bd7 12. Bxc4
bxc4 13. Qb7 Na6 14. Qxa6 c5 15. Qxc4 cxd4 16. cxd4 Rc8
17. Qa6 Be6 18. Qb5+ Bd7 19. Qa6 Be6 20. Qb5+ Bd7 21. Qd3 Be6
22. Qb5+ 1/2-1/2

[Event "FIDE Grand Prix Tashkent"]
[Site "Tashkent UZB"]
[Date "2014.10.31"]
[EventDate "2014.10.20"]
[Round "9"]
[Result "1/2-1/2"]
[White "Maxime Vachier-Lagrave"]
[Black "Anish Giri"]
[WhiteElo "2757"]
[BlackElo "2768"]
[PlyCount "64"]

1. e4 e5 2. Nf3 Nc6 3. Bb5 Nf6 4. d3 Bc5 5. c3 d5 6. Nbd2 dxe4
7. dxe4 O-O 8. Qe2 a5 9. O-O Qe7 10. Nh4 Bg4 11. Ndf3 Nh5
12. Qc4 Na7 13. Bg5 Qd6 14. Nf5 Bxf5 15. exf5 h6 16. Rad1 Qb6
17. Rd5 c6 18. Qxc5 Qxb5 19. Qxf8+ Rxf8 20. Rxb5 cxb5 21. Be3
Nc6 22. Rd1 Nf6 23. h3 Rc8 24. g4 Kf8 25. Bc5+ Kg8 26. Be3 Kf8
27. Kf1 Ke8 28. Ke2 Rc7 29. Bc5 Ne4 30. Rd5 Nf6 31. Rd1 Ne4
32. Rd5 Nf6 1/2-1/2

[Event "Qatar Masters"]
[Site "Doha QAT"]
[Date "2014.11.26"]
[EventDate "2014.11.26"]
[Round "1.4"]
[Result "0-1"]
[White "John Paul Gomez"]
[Black "Maxime Vachier-Lagrave"]
[WhiteElo "2510"]
[BlackElo "2751"]
[PlyCount "124"]

1. d4 Nf6 2. c4 g6 3. Nc3 d5 4. Nf3 Bg7 5. Qa4+ Bd7 6. Qb3
dxc4 7. Qxc4 O-O 8. Bf4 c6 9. e4 b5 10. Qb3 c5 11. dxc5 Qa5
12. Bd2 b4 13. Nd5 Nc6 14. Bd3 Be6 15. O-O Rfd8 16. Nxf6+ Bxf6
17. Bc4 Bxc4 18. Qxc4 Bxb2 19. Rab1 Qa3 20. Rfe1 Rab8 21. e5
Bd4 22. Re4 Bxe5 23. Rxe5 Rxd2 24. Re6 Qc3 25. Qe4 fxe6
26. Qxe6+ Kg7 27. Nxd2 Qxc5 28. Nb3 Qf5 29. Qe1 Qe5 30. Qf1
Rd8 31. h3 a5 32. Re1 Qd5 33. Qa6 Rd6 34. Qa8 Qg5 35. Qa6 Rf6
36. Qa8 Ne5 37. Nd4 Qd2 38. Qe4 Qxf2+ 39. Kh1 Nd3 40. Qxe7+
Kh6 41. Qe3+ Qxe3 42. Rxe3 Nc1 43. Nb3 a4 44. Nxc1 Rf1+
45. Kh2 Rxc1 46. Re4 b3 47. axb3 axb3 48. Rb4 Rc3 49. Rb7 g5
50. Rb6+ Kg7 51. Kg1 h5 52. Rb5 Kf6 53. h4 gxh4 54. Kh2 Ke6
55. Rxh5 b2 56. Rb5 Rc2 57. Kh3 Kd6 58. Kxh4 Rxg2 59. Kh3 Rc2
60. Kg3 Kc6 61. Rb8 Kd5 62. Kf3 Kd4 0-1

[Event "Qatar Masters"]
[Site "Doha QAT"]
[Date "2014.11.27"]
[EventDate "2014.11.26"]
[Round "2.3"]
[Result "1-0"]
[White "Maxime Vachier-Lagrave"]
[Black "Bartosz Socko"]
[WhiteElo "2751"]
[BlackElo "2614"]
[PlyCount "105"]

1. e4 e5 2. Nf3 Nc6 3. Bb5 a6 4. Ba4 Nf6 5. O-O b5 6. Bb3 Bb7
7. Re1 Bc5 8. c3 d6 9. d4 Bb6 10. Be3 O-O 11. Nbd2 exd4
12. cxd4 Nb4 13. Ng5 Qe7 14. Ndf3 h6 15. a3 hxg5 16. Bxg5 Nc6
17. e5 dxe5 18. dxe5 Nxe5 19. Nxe5 Qc5 20. Bh4 Ne4 21. Nxf7
Rxf7 22. Qf3 Bd5 23. Bxd5 Qxd5 24. Qxe4 Qxe4 25. Rxe4 Raf8
26. Re2 Rd7 27. Kf1 Rf4 28. Bg5 Rc4 29. g3 a5 30. Rc1 Rxc1+
31. Bxc1 a4 32. Be3 Bxe3 33. Rxe3 Rd1+ 34. Re1 Rd3 35. Rc1 Rb3
36. Rxc7 Rxb2 37. Kg2 Kh7 38. h4 Kg6 39. Rc5 Kf6 40. h5 Rb3
41. g4 Rxa3 42. Rxb5 Rb3 43. Ra5 a3 44. f3 Rb2+ 45. Kg3 a2
46. f4 Kf7 47. Ra6 Rc2 48. Kh4 Rc4 49. Kg5 Rc2 50. Ra7+ Kg8
51. h6 Rc7 52. Rxa2 gxh6+ 53. Kxh6 1-0

[Event "Qatar Masters"]
[Site "Doha QAT"]
[Date "2014.11.28"]
[EventDate "2014.11.26"]
[Round "3.2"]
[Result "1/2-1/2"]
[White "Daniil Dubov"]
[Black "Maxime Vachier-Lagrave"]
[WhiteElo "2629"]
[BlackElo "2751"]
[PlyCount "61"]

1. d4 Nf6 2. c4 g6 3. Nf3 Bg7 4. e3 O-O 5. Be2 b6 6. Nc3 Bb7
7. O-O d5 8. cxd5 Nxd5 9. Qb3 e6 10. Rd1 Nd7 11. Bd2 c5
12. Rac1 Qe7 13. Nxd5 Bxd5 14. Qa3 Rfc8 15. Bc3 a5 16. dxc5
Bxc3 17. Rxc3 Rxc5 18. Bb5 Rd8 19. Bxd7 Bxf3 20. gxf3 Rxd7
21. Rxd7 Rg5+ 22. Kf1 Qxd7 23. Rd3 Rd5 24. Rxd5 Qxd5 25. Kg2
g5 26. h3 h6 27. Qe7 Kg7 28. Qc7 Qxa2 29. Qxb6 Qd5 30. b4 axb4
31. Qxb4 1/2-1/2

[Event "Qatar Masters"]
[Site "Doha QAT"]
[Date "2014.11.29"]
[EventDate "2014.11.26"]
[Round "4.4"]
[Result "1/2-1/2"]
[White "Maxime Vachier-Lagrave"]
[Black "Andrei Volokitin"]
[WhiteElo "2751"]
[BlackElo "2627"]
[PlyCount "81"]

1. d4 Nf6 2. c4 g6 3. Nc3 d5 4. Bg5 Ne4 5. Bh4 Nxc3 6. bxc3
dxc4 7. e3 Be6 8. Nf3 Bg7 9. Be2 c5 10. O-O O-O 11. Rb1 cxd4
12. Nxd4 Bd5 13. Qc2 Qd7 14. e4 Bc6 15. Bxc4 b6 16. Rbd1 Ba4
17. Bb3 Bxb3 18. axb3 Qb7 19. f4 Nc6 20. e5 Nxd4 21. Rxd4 Rad8
22. Rfd1 Rxd4 23. Rxd4 f6 24. exf6 Bxf6 25. Bxf6 Rxf6 26. Qd3
Qc7 27. g3 a5 28. Rd8+ Kg7 29. Qd5 Qc5+ 30. Qxc5 bxc5 31. Ra8
c4 32. bxc4 Rf5 33. Kf2 Rc5 34. Ke3 Rxc4 35. Kd3 Ra4 36. c4
Kf7 37. c5 Ra1 38. Kc4 a4 39. Kb4 Rb1+ 40. Kc4 Ra1 41. Kb4
1/2-1/2

[Event "Qatar Masters"]
[Site "Doha QAT"]
[Date "2014.11.30"]
[EventDate "2014.11.26"]
[Round "5.5"]
[Result "1/2-1/2"]
[White "Abhijeet Gupta"]
[Black "Maxime Vachier-Lagrave"]
[WhiteElo "2632"]
[BlackElo "2751"]
[PlyCount "90"]

1. d4 Nf6 2. c4 g6 3. f3 d5 4. cxd5 Nxd5 5. e4 Nb6 6. Nc3 Bg7
7. Be3 Nc6 8. d5 Ne5 9. f4 Ng4 10. Bb5+ Bd7 11. Bd4 Bxd4
12. Qxd4 O-O 13. Bxd7 Qxd7 14. h3 Nf6 15. Nge2 c6 16. a4 Rad8
17. Rd1 c5 18. Qxc5 Rc8 19. Qb5 Qxb5 20. axb5 Rc4 21. e5 Ne4
22. O-O Rd8 23. Nxe4 Rxe4 24. Nc3 Rb4 25. Rf2 Na4 26. Nxa4
Rxa4 27. Rc2 Rb4 28. Rc7 Rxb5 29. Rxe7 Rbxd5 30. Rxd5 Rxd5
31. Rxb7 Rd4 32. Rxa7 Rb4 33. Ra2 Rxf4 34. b3 Rb4 35. Rb2 Kf8
36. Kf2 Ke7 37. Ke3 Ke6 38. Kd3 Kxe5 39. Kc3 Rb7 40. b4 Kd5
41. Rd2+ Kc6 42. Kc4 Re7 43. b5+ Kc7 44. Ra2 Kb7 45. Rd2 Kc7
1/2-1/2

[Event "Qatar Masters"]
[Site "Doha QAT"]
[Date "2014.12.01"]
[EventDate "2014.11.26"]
[Round "6.7"]
[Result "1/2-1/2"]
[White "Maxime Vachier-Lagrave"]
[Black "Eltaj Safarli"]
[WhiteElo "2751"]
[BlackElo "2628"]
[PlyCount "63"]

1. e4 e5 2. Nf3 Nf6 3. Nxe5 d6 4. Nf3 Nxe4 5. Nc3 Nxc3 6. dxc3
Be7 7. Be3 O-O 8. Qd2 b6 9. O-O-O Bb7 10. Bc4 Nd7 11. Rhe1 Ne5
12. Nxe5 dxe5 13. Qe2 Bd6 14. h4 Qf6 15. Bg5 Qg6 16. g4 Kh8
17. Bd3 Qe6 18. Kb1 f6 19. Bc1 Rad8 20. f4 Qd5 21. fxe5 Qxe5
22. Qf1 Qg3 23. Bf5 Rde8 24. Rxe8 Rxe8 25. Qc4 g6 26. Be6 Qe5
27. Bd5 Bxd5 28. Rxd5 Qe4 29. Qc6 Re5 30. Rxd6 cxd6 31. Qxd6
Re8 32. Qxf6+ 1/2-1/2

[Event "Qatar Masters"]
[Site "Doha QAT"]
[Date "2014.12.02"]
[EventDate "2014.11.26"]
[Round "7.8"]
[Result "0-1"]
[White "Andrey Vovk"]
[Black "Maxime Vachier-Lagrave"]
[WhiteElo "2640"]
[BlackElo "2751"]
[PlyCount "62"]

1. e4 c5 2. Nf3 d6 3. d4 cxd4 4. Nxd4 Nf6 5. Nc3 a6 6. Be2 e5
7. Nb3 Be7 8. O-O O-O 9. Re1 Be6 10. Bf3 Nbd7 11. a4 Qb8
12. Nd2 Bd8 13. Nf1 Ba5 14. Bd2 Qc7 15. Ne3 Rac8 16. g4 Bxc3
17. Bxc3 Nc5 18. Nf5 Rfd8 19. Qc1 Ne8 20. Ra3 g6 21. Qh6 f6
22. Kh1 Rd7 23. g5 gxf5 24. gxf6 Rf7 25. Qg5+ Kh8 26. exf5 Bd7
27. Bh5 Bc6+ 28. Kg1 Nxf6 29. Bxf7 Qxf7 30. Kf1 Rg8 31. Qh4
Nce4 0-1

[Event "Qatar Masters"]
[Site "Doha QAT"]
[Date "2014.12.03"]
[EventDate "2014.11.26"]
[Round "8.3"]
[Result "1/2-1/2"]
[White "Maxime Vachier-Lagrave"]
[Black "Samuel Shankland"]
[WhiteElo "2751"]
[BlackElo "2642"]
[PlyCount "89"]

1. e4 c6 2. Nf3 d5 3. Nc3 Bg4 4. h3 Bxf3 5. Qxf3 e6 6. d4 dxe4
7. Qxe4 Nf6 8. Qh4 Nbd7 9. Bd2 g6 10. Bd3 Bg7 11. O-O Nd5
12. Qxd8+ Rxd8 13. Nxd5 cxd5 14. c3 O-O 15. a4 a6 16. a5 e5
17. Ra4 exd4 18. cxd4 Nb8 19. Rc1 Rc8 20. Rb4 Rxc1+ 21. Bxc1
Nc6 22. Rxb7 Nxa5 23. Rb4 Nc6 24. Rb6 Rc8 25. Bxa6 Bxd4
26. Bxc8 Bxb6 27. Bd7 Nb4 28. Bb5 f5 29. Bd2 Bc5 30. g4 fxg4
31. hxg4 Kf7 32. Kg2 Ke6 33. f4 Nc2 34. g5 Bb4 35. Bxb4 Nxb4
36. Kf3 Kd6 37. Ke3 Nc2+ 38. Kd2 Nd4 39. Bd3 Ne6 40. Ke3 Kc5
41. Be2 Nd8 42. b4+ Kxb4 43. Kd4 Nc6+ 44. Kxd5 Kc3 45. Kxc6
1/2-1/2

[Event "Qatar Masters"]
[Site "Doha QAT"]
[Date "2014.12.04"]
[EventDate "2014.11.26"]
[Round "9.3"]
[Result "1/2-1/2"]
[White "Maxime Vachier-Lagrave"]
[Black "Zahar Efimenko"]
[WhiteElo "2751"]
[BlackElo "2644"]
[PlyCount "103"]

1. c4 Nf6 2. Nc3 e5 3. Nf3 Nc6 4. g3 d5 5. cxd5 Nxd5 6. Bg2
Nb6 7. O-O Be7 8. d3 Be6 9. Be3 Nd5 10. Nxd5 Bxd5 11. Qa4 O-O
12. Rfc1 a6 13. Rc3 Bxf3 14. Bxf3 Nd4 15. Bxd4 exd4 16. Rcc1
c6 17. b4 Re8 18. Qb3 Bd6 19. a4 Qb6 20. Rab1 Re5 21. Rc4 Rd8
22. Qb2 Bb8 23. Rc5 g6 24. Rxe5 Bxe5 25. e4 Bd6 26. Bd1 Rd7
27. Bg4 Rc7 28. a5 Qa7 29. f4 c5 30. e5 Bf8 31. bxc5 Qxc5
32. Qb6 Qxb6 33. Rxb6 Bc5 34. Rb1 b6 35. axb6 Rb7 36. Bc8 Rxb6
37. Ra1 Bb4 38. Bxa6 Bc3 39. Ra3 Rb1+ 40. Kg2 Ra1 41. Rxa1
Bxa1 42. Kf3 Kf8 43. Ke4 Ke7 44. g4 h6 45. Bc4 Bc3 46. h4 Bb2
47. h5 gxh5 48. Bxf7 Kxf7 49. gxh5 Ke6 50. f5+ Kf7 51. Kd5 Ke7
52. Ke4 1/2-1/2

[Event "Bundesliga 2014/15"]
[Site "Baden-Baden GER"]
[Date "2015.03.15"]
[EventDate "2014.10.18"]
[Round "13.2"]
[Result "1/2-1/2"]
[White "Sebastian Bogner"]
[Black "Maxime Vachier-Lagrave"]
[WhiteElo "2599"]
[BlackElo "2757"]
[PlyCount "82"]

1. d4 Nf6 2. c4 g6 3. Nc3 d5 4. cxd5 Nxd5 5. e4 Nxc3 6. bxc3
Bg7 7. Qa4+ Qd7 8. Qa3 b6 9. Nf3 Bb7 10. Bd3 c5 11. O-O O-O
12. Rd1 cxd4 13. cxd4 Nc6 14. Bb2 e6 15. Rac1 Na5 16. Ne5 Qd8
17. Bc3 Re8 18. Bb5 Re7 19. Bxa5 bxa5 20. Bc6 Rc8 21. Bxb7
Rxc1 22. Rxc1 Rxb7 23. Nc6 Qd7 24. Nxa5 Rb6 25. Nb3 h5 26. Qc5
Qa4 27. Qc8+ Kh7 28. Qc2 Bxd4 29. Nxd4 Qxd4 30. Qc7 Kg7
31. Qxa7 Qd2 32. Ra1 Rb4 33. Qe3 Qxe3 34. fxe3 Rxe4 35. a4
Rxe3 36. a5 Rb3 37. a6 Rb8 38. a7 Ra8 39. Kf2 Kf6 40. Ke3 Ke5
41. h4 Kd5 1/2-1/2

[Event "Biel"]
[Site "Biel SUI"]
[Date "2015.07.24"]
[EventDate "2015.07.20"]
[Round "5"]
[Result "1/2-1/2"]
[White "Maxime Vachier-Lagrave"]
[Black "David Navara"]
[WhiteElo "2731"]
[BlackElo "2724"]
[PlyCount "71"]

1. e4 c6 2. d4 d5 3. e5 Bf5 4. Nf3 e6 5. Be2 Nd7 6. O-O Bg6
7. Nbd2 Nh6 8. Nb3 Nf5 9. a4 a6 10. a5 c5 11. c4 dxc4 12. Bxc4
cxd4 13. Nbxd4 Nxd4 14. Qxd4 Bc5 15. Qf4 O-O 16. Be3 Rc8
17. Bxc5 Rxc5 18. b4 Rc6 19. b5 Rc5 20. bxa6 bxa6 21. Rfd1 Qc7
22. Bxa6 Rxa5 23. Rxa5 Qxa5 24. Rxd7 Qxa6 25. h3 h6 26. Kh2
Qc6 27. Rd6 Qe4 28. Qxe4 Bxe4 29. Nd2 Bd5 30. Nf1 Rc8 31. Ne3
Bb7 32. Rd7 Bc6 33. Rd2 Bb7 34. Rd7 Bc6 35. Rd2 Bb7 36. Rd7
1/2-1/2

[Event "Biel"]
[Site "Biel SUI"]
[Date "2015.07.27"]
[EventDate "2015.07.20"]
[Round "7"]
[Result "1-0"]
[White "Radoslaw Wojtaszek"]
[Black "Maxime Vachier-Lagrave"]
[WhiteElo "2733"]
[BlackElo "2731"]
[PlyCount "91"]

1. d4 Nf6 2. c4 g6 3. Nc3 d5 4. Bf4 Bg7 5. e3 O-O 6. Rc1 Be6
7. c5 c6 8. Bd3 Bg4 9. Nge2 Re8 10. f3 Bc8 11. O-O Nbd7
12. Bg5 e5 13. b4 Nf8 14. Bh4 Bh6 15. f4 e4 16. Bc2 Bg7 17. b5
Bd7 18. Ba4 Qc8 19. h3 Nh5 20. Rb1 f5 21. Qb3 Bf6 22. Bxf6
Nxf6 23. bxc6 bxc6 24. Qb7 Ne6 25. Nc1 Rb8 26. Qxc8 Rexc8
27. Nb3 Nc7 28. Na5 Nb5 29. Ne2 Na3 30. Rxb8 Rxb8 31. Bxc6
Bxc6 32. Nxc6 Rb2 33. Nc3 Rc2 34. Ne7+ Kf7 35. Ncxd5 Nc4
36. Rb1 Nh5 37. Nc6 Nd2 38. Ncb4 Nxb1 39. Nxc2 Ke6 40. Nc7+
Kd7 41. Nd5 Ke6 42. Ndb4 Nf6 43. d5+ Kd7 44. d6 Nc3 45. Nd4
Nfd5 46. Na6 1-0

[Event "World Blitz Championship"]
[Site "Berlin GER"]
[Date "2015.10.13"]
[EventDate "2015.10.13"]
[Round "2.2"]
[Result "0-1"]
[White "Rinat Jumabayev"]
[Black "Maxime Vachier-Lagrave"]
[WhiteElo "2606"]
[BlackElo "2758"]
[PlyCount "156"]

1. Nf3 Nf6 2. c4 g6 3. Nc3 d5 4. cxd5 Nxd5 5. Qa4+ Bd7 6. Qh4
Bc6 7. e3 Bg7 8. Be2 O-O 9. d4 Nd7 10. Nxd5 Bxd5 11. e4 Bc6
12. d5 Ba4 13. O-O e6 14. Bg5 f6 15. Be3 exd5 16. exd5 Nb6
17. Nd4 Qxd5 18. Bf3 Qf7 19. Bxb7 c5 20. Bxa8 cxd4 21. Bxd4
Rxa8 22. Rfe1 Bc6 23. Rac1 Qd5 24. f3 g5 25. Qf2 Nd7 26. Red1
Qe6 27. Re1 Qd5 28. Red1 Qb5 29. Bxa7 Ne5 30. Qd4 Bxf3 31. Rd2
Bb7 32. a3 h6 33. Bc5 Qe8 34. Qf2 Qg6 35. Qe2 Re8 36. Qb5 Bc6
37. Qf1 h5 38. Bd4 Be4 39. Re1 Nc6 40. Bc3 h4 41. h3 g4
42. hxg4 Qxg4 43. Qe2 Qg6 44. Rd6 Kh7 45. Qf2 Qg4 46. Re3 Ne5
47. Bxe5 Rxe5 48. Rh3 Rh5 49. Rd4 f5 50. Rb4 Bf6 51. Rb6 Qg7
52. Rb4 Rh6 53. Rh2 Qg5 54. Rc4 Be5 55. Rh3 Bg3 56. Qe2 Rg6
57. Rc3 Qf4 58. Re3 Kh6 59. Rc3 Qe5 60. Rcxg3 Rxg3 61. Rxh4+
Kg7 62. Rh2 Qc5+ 63. Kf1 Qc1+ 64. Kf2 Qf4+ 65. Kg1 Qc1+
66. Qf1 Qe3+ 67. Qf2 Qxf2+ 68. Kxf2 Rb3 69. Kg1 Rxb2 70. a4
Ra2 71. Kf1 Kg6 72. a5 Kg5 73. a6 Kg4 74. Rh6 Bxg2+ 75. Ke1
Be4 76. Kd1 f4 77. Re6 Kf3 78. Rf6 Ke3 0-1

[Event "World Blitz Championship"]
[Site "Berlin GER"]
[Date "2015.10.13"]
[EventDate "2015.10.13"]
[Round "3.2"]
[Result "1-0"]
[White "Maxime Vachier-Lagrave"]
[Black "Sergei Movsesian"]
[WhiteElo "2758"]
[BlackElo "2658"]
[PlyCount "63"]

1. e4 c5 2. Nf3 e6 3. d4 cxd4 4. Nxd4 Nc6 5. Nc3 a6 6. Be3 Nf6
7. Be2 d6 8. O-O Be7 9. f4 O-O 10. a4 Bd7 11. Kh1 Qc7 12. Nb3
b6 13. Bf3 Rab8 14. g4 Bc8 15. g5 Nd7 16. Bg2 Re8 17. Rf3 g6
18. Rh3 Bf8 19. Qe1 Bg7 20. Qh4 Nf8 21. f5 Bxc3 22. f6 h5
23. bxc3 e5 24. Rg3 Nd8 25. Bf3 Bb7 26. Kg1 Nde6 27. Rh3 Nh7
28. Nd2 Qxc3 29. Bxh5 Qxa1+ 30. Kf2 Nf4 31. Bxf4 Bxe4 32. Be2
1-0

[Event "World Blitz Championship"]
[Site "Berlin GER"]
[Date "2015.10.13"]
[EventDate "2015.10.13"]
[Round "4.2"]
[Result "0-1"]
[White "Ehsan Ghaem Maghami"]
[Black "Maxime Vachier-Lagrave"]
[WhiteElo "2596"]
[BlackElo "2758"]
[PlyCount "80"]

1. e4 c5 2. c3 Nf6 3. e5 Nd5 4. Nf3 Nc6 5. d4 cxd4 6. cxd4 d6
7. Bc4 dxe5 8. dxe5 Nb6 9. Qxd8+ Nxd8 10. Bb3 g6 11. Nc3 Bg7
12. Bg5 Nc6 13. O-O Bg4 14. e6 Bxe6 15. Bxe6 fxe6 16. Rac1 h6
17. Bh4 Kf7 18. b3 Rac8 19. Ne4 Nb4 20. a4 Rxc1 21. Rxc1 Rc8
22. Rxc8 Nxc8 23. Bg3 Nd3 24. Bc7 Ke8 25. g4 Kd7 26. Bg3 Nd6
27. Ned2 e5 28. Kf1 e4 29. Ne1 Bc3 30. Ndf3 Ke6 31. Nxd3 exd3
32. Bf4 h5 33. gxh5 gxh5 34. Bd2 Bxd2 35. Nxd2 Kd5 36. Ke1 Kd4
37. Kd1 Ne4 38. Nf3+ Kc3 39. Ke1 d2+ 40. Ke2 Kc2 0-1

[Event "World Blitz Championship"]
[Site "Berlin GER"]
[Date "2015.10.13"]
[EventDate "2015.10.13"]
[Round "5.2"]
[Result "1-0"]
[White "Maxime Vachier-Lagrave"]
[Black "Milos Perunovic"]
[WhiteElo "2758"]
[BlackElo "2622"]
[PlyCount "59"]

1. Nf3 c5 2. g3 Nc6 3. Bg2 e5 4. e4 g6 5. d3 Bg7 6. Be3 d6
7. c3 Nge7 8. O-O O-O 9. Na3 b6 10. Re1 h6 11. d4 exd4
12. cxd4 Bg4 13. Nc2 d5 14. exd5 Nxd5 15. dxc5 Bxb2 16. Bxh6
Nc3 17. Qxd8 Rfxd8 18. Ne3 Bxf3 19. Bxf3 Rac8 20. Bg5 Re8
21. Ng4 Nd4 22. Nf6+ Kg7 23. Nxe8+ Rxe8 24. Rxe8 Nxf3+ 25. Kg2
Nxg5 26. c6 Nd5 27. Rd1 Nc7 28. Re7 Nge6 29. Rdd7 Nb5 30. Rxe6
1-0

[Event "World Blitz Championship"]
[Site "Berlin GER"]
[Date "2015.10.13"]
[EventDate "2015.10.13"]
[Round "7.2"]
[Result "1-0"]
[White "Maxime Vachier-Lagrave"]
[Black "Tigran Levonovich Petrosian"]
[WhiteElo "2758"]
[BlackElo "2625"]
[PlyCount "87"]

1. e4 d6 2. d4 g6 3. Nf3 Nf6 4. Nc3 Bg7 5. h3 O-O 6. Be3 a6
7. a4 b6 8. Bd3 Bb7 9. Qd2 Nbd7 10. Bh6 e5 11. O-O Re8
12. Bxg7 Kxg7 13. Rfe1 exd4 14. Nxd4 c5 15. Nf3 Qc7 16. Rad1
Rad8 17. Qf4 Ne5 18. Nh4 h6 19. Be2 Qe7 20. Qg3 Kh7 21. f4 Nc6
22. Bd3 Nh5 23. Qf2 Nd4 24. e5 Kg7 25. f5 dxe5 26. fxg6 Nf4
27. gxf7 Qxf7 28. Re3 Kh8 29. Ng6+ Kg7 30. Rg3 Nxg6 31. Rxg6+
Qxg6 32. Bxg6 Kxg6 33. Rf1 Rf8 34. Qg3+ Kh7 35. Rxf8 Rxf8
36. Qxe5 Rg8 37. Qc7+ Rg7 38. Qxb6 Bxg2 39. Qxc5 Bxh3+ 40. Kh2
Nf3+ 41. Kxh3 Ng1+ 42. Kh2 Nf3+ 43. Kh1 Rg3 44. Ne2 1-0

[Event "World Blitz Championship"]
[Site "Berlin GER"]
[Date "2015.10.13"]
[EventDate "2015.10.13"]
[Round "8.2"]
[Result "1-0"]
[White "Maxime Vachier-Lagrave"]
[Black "Bartosz Socko"]
[WhiteElo "2758"]
[BlackElo "2599"]
[PlyCount "99"]

1. Nf3 Nf6 2. c4 e6 3. Nc3 Bb4 4. g3 b6 5. Bg2 Bb7 6. O-O O-O
7. d3 Bxc3 8. bxc3 c5 9. e4 d6 10. Nh4 Nc6 11. f4 Qe7 12. Bd2
Rad8 13. Qe2 Rfe8 14. Rae1 Qc7 15. g4 Nd7 16. g5 Nf8 17. Rf3
d5 18. cxd5 exd5 19. e5 d4 20. c4 Ng6 21. Nxg6 hxg6 22. Rh3
Bc8 23. Rg3 Ne7 24. Be4 Nf5 25. Rf3 a6 26. a4 Qd7 27. Rb1 Re6
28. Rh3 Ree8 29. Rxb6 Ne3 30. Rf3 Qxa4 31. Bxe3 dxe3 32. Qxe3
Qd1+ 33. Rf1 Qg4+ 34. Qg3 Qe2 35. Qf3 Qd2 36. Qf2 Qxf2+
37. Kxf2 Re6 38. Rfb1 Ree8 39. Ke3 Kf8 40. Rc6 Be6 41. Rxc5
Ke7 42. d4 Rh8 43. d5 Rh3+ 44. Kd4 Rxh2 45. Rc7+ Kf8 46. Rbb7
Kg8 47. Kc5 Bf5 48. Bxf5 gxf5 49. Rxf7 Rc8+ 50. Rfc7 1-0

[Event "World Blitz Championship"]
[Site "Berlin GER"]
[Date "2015.10.13"]
[EventDate "2015.10.13"]
[Round "9.2"]
[Result "0-1"]
[White "Sergey Karjakin"]
[Black "Maxime Vachier-Lagrave"]
[WhiteElo "2762"]
[BlackElo "2758"]
[PlyCount "60"]

1. Nf3 Nf6 2. c4 g6 3. Nc3 d5 4. cxd5 Nxd5 5. h4 Nc6 6. Qb3
Nb6 7. d4 Be6 8. Qd1 Bg7 9. e3 Bg4 10. Be2 O-O 11. O-O Re8
12. Ng5 Bxe2 13. Qxe2 h6 14. Nf3 e5 15. dxe5 Nxe5 16. h5 gxh5
17. Nxe5 Rxe5 18. e4 Qh4 19. Be3 Rae8 20. Rad1 c6 21. Rd3 Qg4
22. f3 Qg6 23. Rfd1 f5 24. Bd4 R5e6 25. Qf2 Bxd4 26. Rxd4 Kh7
27. Qh4 fxe4 28. Rxe4 Qg5 29. Qh3 Qg6 30. Rd6 Rxd6 0-1

[Event "World Blitz Championship"]
[Site "Berlin GER"]
[Date "2015.10.13"]
[EventDate "2015.10.13"]
[Round "10.2"]
[Result "1-0"]
[White "Maxime Vachier-Lagrave"]
[Black "Levon Aronian"]
[WhiteElo "2758"]
[BlackElo "2784"]
[PlyCount "99"]

1. Nf3 d5 2. g3 Nf6 3. Bg2 e6 4. O-O Be7 5. d3 O-O 6. Nbd2 Nc6
7. e4 dxe4 8. Nxe4 Nxe4 9. dxe4 Qxd1 10. Rxd1 e5 11. c3 f6
12. Bf1 Be6 13. Be3 Rfd8 14. Nd2 Kf7 15. f3 a6 16. Kf2 Rd7
17. Nb3 Rxd1 18. Rxd1 Rd8 19. Rxd8 Nxd8 20. Ke1 Ke8 21. Kd2
Kd7 22. Kc2 Ke8 23. Nc5 Bc8 24. Bc4 a5 25. b4 b6 26. Nd3 axb4
27. cxb4 Be6 28. Bxe6 Nxe6 29. a4 Kd7 30. Kc3 Nd8 31. Kc4 Kc6
32. a5 Kb7 33. axb6 cxb6 34. Kd5 Kc7 35. b5 Ba3 36. f4 exf4
37. gxf4 Nf7 38. e5 Nh6 39. exf6 gxf6 40. Bd4 f5 41. Ke6 Ng4
42. h3 Nh2 43. Ne5 Nf1 44. Nc4 Bc1 45. Bxb6+ Kb7 46. Kxf5 Ng3+
47. Ke5 Nh5 48. Be3 Bxe3 49. Nxe3 Kb6 50. f5 1-0

[Event "World Blitz Championship"]
[Site "Berlin GER"]
[Date "2015.10.13"]
[EventDate "2015.10.13"]
[Round "11.2"]
[Result "1/2-1/2"]
[White "Teimour Radjabov"]
[Black "Maxime Vachier-Lagrave"]
[WhiteElo "2738"]
[BlackElo "2758"]
[PlyCount "155"]

1. Nf3 Nf6 2. c4 g6 3. Nc3 d5 4. cxd5 Nxd5 5. Qb3 Nb6 6. d4
Bg7 7. Bf4 Be6 8. Qa3 c5 9. Qxc5 Nc6 10. e4 Rc8 11. Bb5 O-O
12. Bxc6 Rxc6 13. Qb4 Rc4 14. Qa3 Bxd4 15. Nxd4 Rxd4 16. O-O
a6 17. b3 Re8 18. Rfd1 Rxd1+ 19. Rxd1 Qc8 20. Rc1 Qd8 21. Qb4
Nd7 22. Qxb7 Qc8 23. Qxc8 Rxc8 24. f3 f6 25. Kf2 Kf7 26. Ne2
Rxc1 27. Bxc1 Nb8 28. Ke3 Nc6 29. Bd2 f5 30. Bc3 fxe4 31. fxe4
Bd7 32. Nf4 Nd8 33. Nd3 Bc8 34. Ne5+ Ke6 35. a4 Nf7 36. Nd3
Kd7 37. h4 Kc6 38. Nb4+ Kd7 39. Nd5 Bb7 40. Bb4 Nd6 41. Nc3
Ne8 42. Bc5 Nf6 43. b4 e5 44. b5 axb5 45. axb5 Ke6 46. Ba3 h6
47. Bf8 g5 48. hxg5 hxg5 49. Ba3 Ng4+ 50. Ke2 Nf6 51. Kd3 g4
52. Bc1 Kd6 53. Be3 Ba8 54. Bg5 Nd7 55. Be3 Nf6 56. Bf2 Bb7
57. Be3 Ba8 58. Bc1 Bb7 59. Ba3+ Ke6 60. Bb4 Ba8 61. Bc5 Bb7
62. Bf2 Kd6 63. Bh4 Nd7 64. Ke3 Kc5 65. Be7+ Kc4 66. Nd1 Kxb5
67. Nf2 Nb6 68. Nxg4 Nc4+ 69. Kd3 Nb2+ 70. Kc3 Na4+ 71. Kd3
Nb2+ 72. Ke3 Nc4+ 73. Kd3 Nb2+ 74. Kc3 Na4+ 75. Kd2 Bxe4
76. g3 Nb6 77. Nxe5 Nc4+ 78. Nxc4 1/2-1/2

[Event "World Blitz Championship"]
[Site "Berlin GER"]
[Date "2015.10.14"]
[EventDate "2015.10.13"]
[Round "12.2"]
[Result "1/2-1/2"]
[White "Leinier Dominguez Perez"]
[Black "Maxime Vachier-Lagrave"]
[WhiteElo "2732"]
[BlackElo "2758"]
[PlyCount "103"]

1. e4 c5 2. Nf3 e6 3. d4 cxd4 4. Nxd4 Nc6 5. Nc3 Qc7 6. Be3 a6
7. Qd2 Nf6 8. O-O-O Bb4 9. f3 Ne5 10. Nb3 b5 11. Qf2 Be7
12. g4 d6 13. Rg1 Rb8 14. g5 Nfd7 15. f4 b4 16. Ne2 Nc4
17. Ng3 Nxe3 18. Qxe3 Qb6 19. Qxb6 Rxb6 20. h4 Bb7 21. Bd3 O-O
22. Kb1 Rc8 23. f5 Nc5 24. fxe6 Nxe6 25. Nf5 Bf8 26. Rgf1 Nc5
27. Nxc5 Rxc5 28. Ne3 Bc6 29. Bc4 Rb7 30. Rf4 Bb5 31. b3 g6
32. Rdf1 Bxc4 33. Nxc4 d5 34. exd5 Rxd5 35. Ne3 Rd6 36. Ng4
Bg7 37. Nf6+ Bxf6 38. Rxf6 Rd4 39. R1f4 Rbd7 40. a3 bxa3
41. Rxd4 Rxd4 42. Rxa6 Rxh4 43. c4 Rh3 44. Ka2 Rg3 45. c5 Kf8
46. b4 Ke7 47. b5 Rxg5 48. Rc6 Kd7 49. Rd6+ Ke7 50. Rc6 Kd7
51. Rd6+ Ke7 52. Rc6 1/2-1/2